NBA Best Centers Of All Time - Statistics

General Stats
  • This quiz has been taken 195 times
  • The average score is 11 of 25
Answer Stats
Team Player % Correct
Los Angeles Lakers Kareem Abdul-Jabbar
87%
San Francisco Warriors Wilt Chamberlain
87%
Los Angeles Lakers Shaquille O´Neal
86%
Houston Rockets Hakeem Olajuwon
81%
Boston Celtics Bill Russell
80%
San Antonio Spurs David Robinson
74%
New York Knicks Patrick Ewing
74%
Orlando Magic Dwight Howard
54%
Phildelphia 76ers Moses Malone
49%
Miami Heat Alonzo Mourning
39%
Portland Trail Blazers Bill Walton
37%
Minneapolis Lakers George Mikan
37%
Atlanta Hawks Walt Bellamy
37%
Washington Bullets Wes Unseld
35%
Houston Rockets Yao Ming
35%
Denver Nuggets Dikembe Mutombo
28%
Boston Celtics Robert Parish
28%
New York Knicks Willis Reed
28%
Washington Bullets Elvin Hayes
24%
Boston Celtics Dave Cowens
22%
San Antonio Spurs Artis Gilmore
17%
Milwaukee Bucks Bob Lanier
16%
San Francisco Warriors Nate Thurmond
14%
Detroit Pistons Bob Mcadoo
10%
Philadelphia Warriors Neil Johnston
2%
No matching quizzes found
Score Distribution
Percent of People with Each Score
Percentile by Number Answered
Your Score History
You have not taken this quiz